The Bostonians /
Na minha lista:
| Autor principal: | |
|---|---|
| Formato: | Livro |
| Idioma: | English |
| Publicado em: |
London :
Penguin Books,
1986.
|
| Assuntos: | |
| Tags: |
Adicionar Tag
Sem tags, seja o primeiro a adicionar uma tag!
|
| Thư viện lưu trữ: | Mạng thư viện Đại học Đà Nẵng |
|---|
| LEADER | 00844cam a2200337 i 4500 | ||
|---|---|---|---|
| 001 | 000045810 | ||
| 003 | 5009 | ||
| 005 | 20030212100515.0 | ||
| 008 | 010220|1986 vm 000 eng | ||
| 020 | |a 0140432256 | ||
| 040 | |a IRC |c IRC |d IRC | ||
| 041 | 0 | |a eng | |
| 082 | 1 | 4 | |a 813.4 |b JA-H |
| 100 | 1 | |a James, Henry, |d 1843-1916. | |
| 245 | 0 | 4 | |a The Bostonians / |c Henry James, 1843-1916. |
| 260 | |a London : |b Penguin Books, |c 1986. | ||
| 300 | |a 433p. | ||
| 630 | 0 | 4 | |a American fiction. |
| 650 | 0 | 4 | |a American fiction. |
| 650 | 0 | 4 | |a Feminists |x Fiction. |
| 650 | 0 | 4 | |a Women |x Social conditions |x Fiction. |
| OWN | |a DUT | ||
| 999 | |a From the UDN01 | ||
| TYP | |a Monograph | ||
| TYP | |a Printed language | ||
| 980 | |a Mạng thư viện Đại học Đà Nẵng | ||


